00627nam a2200205Ia 4500003000900000008004100009040001300050040001300063041000800076100002300084245005000107260001000157260000900167300000800176490000600184600001000190942000700200999001700207952019700224IT-RoPAU120407s9999 xx 000 0 und d aIT-RoPAU cIT-RoPAU aita aFrancesco Orestano aProlegomeni alla scienza del bene e del male. aBocca c1942 c cm v1 a 2 v. cBK c13860d13860 00102ddc406195_00000000000000071aPAULUSbPAULUSd2012-04-11l0o195.0r2012-04-11 00:00:00w2012-04-11yBKzInserito da: Marisa In data: 04 ottobre 2011 fondo: Via A.Severo 56 Progr:30047